| 000 | 02554nam0a2200421 4500 | ||
|---|---|---|---|
| 001 | RU\NLR\BIBL_A\012752929 | ||
| 005 | 20220531164501.0 | ||
| 010 |
_a978-5-91612-344-9 _9300 |
||
| 021 |
_aRU _bКН-П-21-091902 _9КН-П-21-7328 |
||
| 035 | _a(NLR Aleph) 012752929 | ||
| 035 | _a(RuMoRGB)010935631 | ||
| 090 |
_a13038171 _c13038171 |
||
| 100 | _a20220406d2021 u y0rusy50 ca | ||
| 101 | 0 | _arus | |
| 102 | _aRU | ||
| 105 | _ay|||j|||000zy | ||
| 181 | 0 |
_ai4 _baxxe |
|
| 182 | 0 | _an | |
| 200 | 1 |
_aСудебное разбирательство _eучебное пособие _fИ.Л. Бедняков, С.В. Владимиров, Н.В. Грязева [и др.] _gФедеральная служба исполнения наказаний, Самарский юридический институт |
|
| 203 |
_aТекст _bвизуальный _cнепосредственный |
||
| 205 | _aИзд. 2-е | ||
| 210 |
_aСамара _cСамарский юридический институт _d2021 |
||
| 215 |
_a159 с. _d21 |
||
| 320 | _aБиблиогр.: с. 151-158 (96 назв.) | ||
| 320 | _aАвт. указаны на обороте тит. с. | ||
| 330 | _aУчебное пособие подготовлено на основе действующего уголовно-процессуального законодательства, имеет практико-ориентированный характер и отражает все основные разделы и институты судебного разбирательства и особых производств в уголовном процессе Российской Федерации | ||
| 606 | 1 |
_aУголовные дела _jУчебные издания для высших учебных заведений _xСудебная практика _yРоссийская Федерация _91996548 _3RU\NLR\AUTH\661202414 |
|
| 686 | 1 | _aХ629.374я73 | |
| 686 | 1 | _aХ629.38я73 | |
| 701 | 1 |
_aБедняков _bИ. Л. _gИван Львович |
|
| 701 | 1 |
_7ca _8rus _aВладимиров _bС. В. _cканд. юрид. наук _gСергей Владиславович _9103389 _3RU\NLR\AUTH\77120464 |
|
| 701 | 1 |
_aГрязева _bН. В. _gНадежда Викторовна |
|
| 712 | 0 | 2 |
_4475 _aСамарский юридический институт _9587575 _3RU\NLR\AUTH\8810044061 |
| 942 | _cBOOK | ||
| 980 | _aNB | ||